000 01059cam a2200265 4500
008 000000n2000 000 0 eng u
020 _a1859785085
035 _a(Sirsi) u104158
050 0 4 _a692.8 $2 18
100 1 _aPickavance, Keith
245 0 0 _aDelay and disruption in construction contracts.
250 _a2nd ed.
260 _aLondon
_bLLP
_c2000
300 _axli, 773p.
_c25cm.
350 _a160
520 _aWith editorial assistance from Nicholas Lane and Roy Pickavance. This new edition is updated to cover the 1998 versions of commonly used contracts and recent case law and includes a chapter on the use of computer programmes for delay analysis.
520 _aSuperseded by third edition (ISBN 1843114267). Supersedes first edition (ISBN 1859781489).
650 _aBUILT ENVIRONMENT-BUILDING CONTRACT FORMS
650 _aCLAIMS
650 _aCONTRACT PROGRAMMES
650 _aDAMAGES
650 _aEXTENSIONS OF TIME
690 _aBUILT ENVIRONMENT-CONSTRUCTION MANAGEMENT-BUILDING CONTRACT ADMINISTRATION
942 _n0
999 _c100217
_d100217